| 000 | 01063nam a2200241Ii 4500 | ||
|---|---|---|---|
| 008 | 221202s xx 000 0 und d | ||
| 100 | 1 |
_aTercovich, Giulia, _eauthor |
|
| 245 | 0 | _aAssessing EU Leadership in Inter-regional Relations | |
| 246 | _aThe Case of the Institutionalisation of ASEAN Disaster Management | ||
| 264 |
_bTaylor & Francis _c2022 |
||
| 300 | _a1 online resource | ||
| 336 |
_atext _btxt _2rdacontent |
||
| 337 |
_acomputer _bc _2rdamedia |
||
| 338 |
_aonline resource _bcr _2rdacarrier |
||
| 520 | _aThis book comparatively analyses the role of the EU in influencing the policies of other regional organisations by assessing its role in leading the institutionalisation of ASEAN disaster management institutions. | ||
| 653 | _a Asean | ||
| 653 | _a Asia | ||
| 653 | _a Crisis Management | ||
| 653 | _a Disaster Management | ||
| 653 | _aArpdm | ||
| 856 |
_uhttps://docs.google.com/spreadsheets/d/1yKIrdCPDAG_9c22mwoOIO2DOhtj65Wqa/edit?usp=sharing&ouid=106555315294820607512&rtpof=true&sd=true _yList of Curated E-Books |
||
| 942 | _cE-BOOK | ||
| 999 |
_c91827 _d91824 |
||